| 000 | 01024nam a22003017a 4500 | ||
|---|---|---|---|
| 001 | BR8201137 | ||
| 003 | BR-BrBNA | ||
| 005 | 20230928091241.0 | ||
| 007 | ta | ||
| 008 | 230509b bl.||||| |||| 00| 0 por d | ||
| 040 |
_aBR-BrBNA _bpor _cBiblioteca Nacional de Agricultura |
||
| 041 | _a(Por) | ||
| 072 |
_aP05 _b4620 _b/G514 |
||
| 090 | _ 4620 BR8201137 | ||
| 110 | 1 |
_aEmpresa Brasileira de Biodigestores Ltda., Belo Horizonte, MG _93818 |
|
| 245 | 1 | _aBiogas - fonte de energia alternativa [Recurso energetico; Biodigestor; Biomassa; Residuo organico; Energia eletrica; Brasil] | |
| 246 | 1 | _a[Biogas - an alternative energy source [Energy resource; Biodigestor; Biomass; Organic residue; Electric energy; Brazil]] | |
| 260 | 3 |
_aBelo Horizonte, MG (Brasil): _c1981. |
|
| 300 | _a42 p. | ||
| 650 | _aRecurso energetico | ||
| 650 | _aBiodigestor | ||
| 650 | _aBiogas | ||
| 650 | _aBiomassa | ||
| 650 | _aResiduo organico | ||
| 650 | _aEnergia eletrica | ||
| 909 |
_a202309 _bLucia _c55 _dLucia Elande |
||
| 942 | _cBK | ||
| 999 |
_c33039 _d33039 |
||